ՀՀ Գիտությունների ազգային ակադեմիայի հիմնարար գիտական գրադարան  =   Fundamental Scientific Library of NAS RA

Խոհեր և ցոլքեր ամերիկահայ սփիւռքի մտաշխարհէն / (Record no. 527205)

MARC details
000 -LEADER
fixed length control field 00810nam a2200205 a 4500
001 - CONTROL NUMBER
control field 000815781
003 - CONTROL NUMBER IDENTIFIER
control field AM-YEHGA
005 - DATE AND TIME OF LATEST TRANSACTION
control field 20250618080114.0
008 - FIXED-LENGTH DATA ELEMENTS--GENERAL INFORMATION
fixed length control field 110609s1974 le ||||gr|||||||||0|arm|d
040 ## - CATALOGING SOURCE
Original cataloging agency AM-YeHGA
041 0# - LANGUAGE CODE
Language code of text/sound track or separate title arm
090 ## - LOCALLY ASSIGNED LC-TYPE CALL NUMBER (OCLC); LOCAL CALL NUMBER (RLIN)
-- 565182
100 1# - MAIN ENTRY--PERSONAL NAME
Personal name Հովակիմյան, Հովակիմ Գ.
245 10 - TITLE STATEMENT
Title Խոհեր և ցոլքեր ամերիկահայ սփիւռքի մտաշխարհէն /
Statement of responsibility, etc. Հ. Գ. Հովակիմյան.
260 ## - PUBLICATION, DISTRIBUTION, ETC.
Place of publication, distribution, etc. Անթիլիաս-Լիբանան :
Name of publisher, distributor, etc. տպ. Կաթողիկոսութեան Հայոց Մեծի Տանն Կիլիկիոյ,
Date of publication, distribution, etc. 1974.
300 ## - PHYSICAL DESCRIPTION
Extent 206 էջ :
Other physical details լուսանկ. ;
Dimensions 25 սմ.
650 14 - SUBJECT ADDED ENTRY--TOPICAL TERM
Topical term or geographic name entry element Սփյուռքահայ պատմություն
9 (RLIN) 4891
650 14 - SUBJECT ADDED ENTRY--TOPICAL TERM
Topical term or geographic name entry element Սփյուռքահայ գրականություն
General subdivision Հուշեր
942 ## - ADDED ENTRY ELEMENTS (KOHA)
Source of classification or shelving scheme Universal Decimal Classification
Koha item type Գրքեր / Books
Holdings
Withdrawn status Lost status Damaged status Not for loan Collection Home library Current library Date acquired Total checkouts Full call number Barcode Date last seen Price effective from Koha item type Public note
        General Fundamental Scientific Library Fundamental Scientific Library 28/03/2023   AII/109853 FL0678678 28/03/2023 28/03/2023 Գրքեր / Books 30 Days Loan


ՀՀ ԳԱԱ հիմնարար գիտական գրադարան
ՀՀ,Երևան 0019
Մարշալ Բաղրամյան 24/6
հեռախոս:(374-10) 52-47-50
Հետադարձ կապ

All site content, except where otherwise noted, is licensed under a
Creative Commons License